000
00271nam a22001217a 4500
082
_a
030
_b
FEI/B
100
_a
FEIBLEMAN PETER S.
245
_a
THE BAYOUS
260
_a
ALEXANDRIA
_b
TIME LIFE BOOKS
300
_a
184
650
_a
GENERAL KNOWLEDGE
_z
ALEXANDRIA
942
_c
BK
999
_c
2929
_d
2929